Comuni della Liguria - Statistics

Statistiche generali
  • Questo quiz è stato fatto 31 volte
  • Il punteggio medio è 31 su 234
Statistiche sulle risposte
Provincia Comune % Corretto
Genova
83%
Imperia
80%
La Spezia
80%
Savona
73%
Sanremo
70%
Lerici
57%
Chiavari
53%
Portofino
53%
Sarzana
53%
Albenga
50%
Rapallo
50%
Ventimiglia
50%
Savona Alassio
47%
Camogli
47%
Noli
47%
Recco
47%
Varazze
47%
Vernazza
47%
Bordighera
43%
Loano
43%
Sestri Levante
43%
Genova Arenzano
40%
Finale Ligure
40%
La Spezia Riomaggiore
40%
Santa Margherita Ligure
40%
Deiva Marina
37%
Lavagna
37%
Porto Venere
37%
Celle Ligure
33%
Ceriale
33%
Cogoleto
33%
La Spezia Ameglia
30%
Bonassola
30%
Cairo Montenotte
30%
Monterosso al Mare
30%
Pietra Ligure
30%
Albissola Marina
27%
Luni
27%
Moneglia
27%
Santo Stefano di Magra
27%
Taggia
27%
Varese Ligure
27%
Busalla
23%
Carro
23%
Carrodano
23%
Laigueglia
23%
Ne
23%
Vado Ligure
23%
Andora
20%
Arcola
20%
Beverino
20%
Bogliasco
20%
Borghetto Santo Spirito
20%
Brugnato
20%
Cervo
20%
Diano Marina
20%
Framura
20%
Uscio
20%
Albisola Superiore
17%
Bergeggi
17%
Campo Ligure
17%
Carasco
17%
Cengio
17%
Masone
17%
Ospedaletti
17%
Pieve Ligure
17%
Santo Stefano al Mare
17%
Santo Stefano d'Aveto
17%
Serra Riccò
17%
Sesta Godano
17%
Sori
17%
Torriglia
17%
Altare
13%
Avegno
13%
Borzonasca
13%
Casarza Ligure
13%
Dego
13%
Follo
13%
Sant'Olcese
13%
Vezzano Ligure
13%
Zignago
13%
Bolano
10%
Borgio Verezzi
10%
Calice al Cornoviglio
10%
Calice Ligure
10%
Calizzano
10%
Carcare
10%
Casella
10%
Castelnuovo Magra
10%
Cicagna
10%
Cogorno
10%
Crocefieschi
10%
Dolceacqua
10%
Leivi
10%
Lumarzo
10%
Maissana
10%
Millesimo
10%
Moconesi
10%
Rezzo
10%
Rezzoaglio
10%
Ronco Scrivia
10%
Rossiglione
10%
San Bartolomeo al Mare
10%
Stella
10%
Triora
10%
Apricale
7%
Badalucco
7%
Bargagli
7%
Borghetto di Vara
7%
Bormida
7%
Campomorone
7%
Castiglione Chiavarese
7%
Cipressa
7%
Coreglia Ligure
7%
Diano Castello
7%
Garlenda
7%
Montebruno
7%
Orero
7%
Pignone
7%
Quiliano
7%
Riccò del Golfo di Spezia
7%
Riva Ligure
7%
Rocchetta di Vara
7%
Rovegno
7%
Savignone
7%
Seborga
7%
Soldano
7%
Toirano
7%
Zuccarello
7%
Imperia Airole
3%
Aquila d'Arroscia
3%
Bajardo
3%
Boissano
3%
Ceranesi
3%
Ceriana
3%
Cosseria
3%
Davagna
3%
Isola del Cantone
3%
Lorsica
3%
Mallare
3%
Mele
3%
Mezzanego
3%
Molini di Triora
3%
Montoggio
3%
Murialdo
3%
Neirone
3%
Onzo
3%
Orco Feglino
3%
Osiglia
3%
Pallare
3%
Pigna
3%
Plodio
3%
Pontedassio
3%
Pornassio
3%
Rondanina
3%
San Lorenzo al Mare
3%
Terzorio
3%
Urbe
3%
Vallebona
3%
Vallecrosia
3%
Vessalico
3%
Vezzi Portio
3%
Villa Faraldi
3%
Vobbia
3%
Armo
0%
Arnasco
0%
Aurigo
0%
Balestrino
0%
Bardineto
0%
Borghetto d'Arroscia
0%
Borgomaro
0%
Camporsso
0%
Imperia Caravonica
0%
Casanova Lerrone
0%
Castelbianco
0%
Castellaro
0%
Castelvecchio di Rocca Barbena
0%
Castel Vittorio
0%
Cesio
0%
Chiusanico
0%
Chiusavecchia
0%
Cisano sul Neva
0%
Civezza
0%
Cosio di Arroscia
0%
Costarainera
0%
Diano Arentino
0%
Diano San Pietro
0%
Dolcedo
0%
Erli
0%
Fascia
0%
Favale di Malvaro
0%
Fontanigorda
0%
Giustinice
0%
Gorreto
0%
Guisvalla
0%
Isolabona
0%
Levanti
0%
Lucinasco
0%
Magliolo
0%
Massimino
0%
Mendatica
0%
Mignanego
0%
Mioglia
0%
Montalto Carpasio
0%
Montegrosso Pian Latte
0%
Nasino
0%
Olivetta San Michele
0%
Ortovero
0%
Perinaldo
0%
Piana Crixia
0%
Pietrabruna
0%
Pieve di Teco
0%
Pompeiana
0%
Pontnvrea
0%
Prelà
0%
Propata
0%
Ranzo
0%
Rialto
0%
Roccavignal
0%
Rocchetta Nervina
0%
San Biagio della Cima
0%
San Colombano Certenolo
0%
Spotomo
0%
Sssello
0%
Stellanello
0%
Testico
0%
Tiglieto
0%
Tovo San Giacomo
0%
Tribogna
0%
Valbravenna
0%
Vasia
0%
Vendone
0%
Villanova d'Albenga
0%
Zoaglia
0%
Nessun quiz corrispondente trovato
Distribuzione punteggi
Percentuale di utenti per punteggio
Percentile per numero di risposta
I tuoi punteggi nel tempo
Non hai fatto questo quiz